000 00374 a2200169 4500
001 191456
020 _a85-16-03118-7
040 _cMagnum
100 _aRibeiro, LaĆ­s Carr
240 1 0 _aPapai noel esteve aqui
_lpor
245 1 0 _aPapai noel esteve aqui
300 _a31
362 0 _a2002
440 1 _aModerna
697 _aLITERATURA INFANTO-JUVENIL
942 _cBK
999 _c191456
_d191456